000 00657cam a2200193 4500
001 D15546
008 090401t1974 xxu||||| |||| 00| 0 eng d
035 _a(Sirsi) u23522
041 _aeng
050 _a333
110 _aRoyal Institution of Chartered Surveyors
_94900
245 _aPractice leaflets
260 _c1974
350 _a0
520 _aFiled in box RICS 1974/9. N.B. Leaflets have been separatley catalogued. Revised editions may have variant titles, and in some cases new titles have been given the same number as earlier unrelated titles
710 _aLand Agency and Agriculture Division
_9773
942 _n0
948 _c04/03/1997
999 _c88423
_d88423